00414nam a22001217a 4500008004100000020002200041020002200063082001700085245006200102260005700164300001600221710005500237230605b xxu||||| |||| 00| 0 eng d a978-9966-102-49-2 a978-9966-102-48-5 a330.97bKEN  aEconomic Survey 2025cKenya National Bureau of Statistics aNairobi:bKenya National Bureau of Statistics,c2025 axxxvi, 554p bKenya National Bureau of StatisticscNairobid2025